• 首页
  • 本馆介绍
  • 公告通知
  • 最新文献
  • 馆藏检索
  • 电子资源
  • 读者导购
  • 参考咨询
  • 我的图书馆
  • 登录
  • 详细信息显示
  • 放入我的书架
  • 预约/预借图书
  • 作者相关作品
  • 分类相关作品
  • 丛书相关作品
  • 出版社相关作品

书目信息

  • 表格格式
  • 工作单格式
  • 卡片格式
题名:
李斯特论柏辽兹与舒曼
    
 
作者: 李斯特 著 ;张洪岛 , 张洪模 , 张宁 译
分册:  
出版信息: 北京   人民音乐出版社  1962
页数: 176页
开本: 21cm
丛书名:
单 册:
中图分类: J605.565 , K835.165.76=41
科图分类:
主题词: 交响曲 , 音乐欣赏
电子资源:
ISBN: 7-103-02757-9
000 01197nam0 2200325 450
001 003246192
005 20070808181746.40
010    @a7-103-02757-9@dCNY9.00
100    @a20060803e20051962em y0chiy0110 ea
101 0  @achi@cger
102    @aCN@b110000
105    @aa z 000yy
200 1  @a李斯特论柏辽兹与舒曼@9li si te lun bo liao zi yu shu man@f张洪岛,张洪模,张宁译
210    @a北京@c人民音乐出版社@d1962@h2005重印
215    @a176页@c图@d21cm
330    @a本书收入的是李斯特的两篇论文,一篇为《柏辽兹和他的〈哈罗尔德〉交响曲》,一篇为《罗伯特·舒曼》。
600  0 @a舒曼@c(Schuman, Robert Alexander@f1810~1856)@x人物研究
600  0 @a舒曼@c(Schuman, Robert Alexander@f1810~1856)
600  0 @a柏辽兹@c(Berlioz,Hector@f(1803~1869)@x交响曲@x音乐欣赏
600  0 @a柏辽兹@c(Berlioz,Hector@f(1803~1869)
606 0  @a交响曲
606 0  @a音乐欣赏
690    @aJ605.565@v4
690    @aK835.165.76=41@v4
701  0 @c(匈)@a李斯特@9li si te@c(Franz Liszt@f1811~1886)@4著
702  0 @a张洪岛@9zhang hong dao@f(1913~)@4译
702  0 @a张洪模@9zhang hong mo@4译
702  0 @a张宁@9zhang ning@f(1937~)@4译
801  0 @aCN@bNLC@c20070808
905    @a10447@dJ605.565@e556
    
    李斯特论柏辽兹与舒曼/张洪岛,张洪模,张宁译.-北京:人民音乐出版社,1962(2005重印)
    176页:图;21cm
    
    
    ISBN 7-103-02757-9:CNY9.00
    本书收入的是李斯特的两篇论文,一篇为《柏辽兹和他的〈哈罗尔德〉交响曲》,一篇为《罗伯特·舒曼》。
●
相关链接 在E读中查询图书 在五车中查询图书 在当当中查询图书 在豆瓣中查询图书


正题名:李斯特论柏辽兹与舒曼     索取号:J605.565/556         预约/预借

序号 登录号 条形码 馆藏地/架位号 状态 备注
1 0809932   208099323   第一样本阅览室/ [索取号:J605.565/556] 在馆    
2 0809933   208099332   第一借阅区/ [索取号:J605.565/556] 在馆    
3 0809934   208099341   第一借阅区/ [索取号:J605.565/556] 在馆    
4 0809935   208099350   第一借阅区/ [索取号:J605.565/556] 在馆    
5 0809975   208099751   音乐系资料室/ [索取号:J605.565/556] 在馆    
唐山师范学院图书馆 欢迎您!
大连网信软件有限公司© 版权所有